| 000 | 00469nam a2200169Ia 4500 | ||
|---|---|---|---|
| 008 | 230917s9999||||xx |||||||||||||| ||und|| | ||
| 020 | _cRS720 | ||
| 040 |
_e251589 _aMAIN |
||
| 041 | _aEnglish | ||
| 082 | _a338.4791 S28T | ||
| 100 | _aSwain, Sampada Kumar | ||
| 245 | 0 | _aTourism: Principles and practices | |
| 260 |
_aNew Delhi _bOxford University Press _c2018 |
||
| 300 | _axvi, 748 p. | ||
| 500 | _a3324 26/11/2018 HBD18/7560 30/11/2018 IHTM (SFS) | ||
| 942 | _cBK | ||
| 999 |
_c28989 _d28989 |
||